Culture Générale - Clic Quiz - La réponse est en emoji par IA #30 - Statistiques

Statistiques générales
  • Ce quiz a été pris 218 fois
  • Le résultat moyen est 27 sur 40
Statistiques - réponses
Hint Réponse % Correct
Porcinet
96%
Dark Vador
95%
Garfield
94%
Godzilla
94%
Capitaine Haddock
93%
Gargamel
93%
Pumbaa
92%
Spartacus
92%
Scar
89%
Jul
89%
Mufasa
87%
Laurent Ruquier
87%
Timon
87%
Odin
83%
Frederic Chopin
77%
Toby du Crédit Mutuel
73%
Lenny Kravitz
73%
Oncle Phil du Prince de Bel Air
66%
Hank Schrader de Breaking Bad
64%
Arthur Morgan (Red Dead Redemption II)
64%
Ben Affleck
64%
Buffalo Bill
63%
Malcolm X
63%
Leonardo
62%
Raphael
58%
Harry Maguire
55%
Donatello
55%
Dwight D. Eisenhower
54%
Ethan Hawke
52%
General Grievous
52%
Danny Trejo
48%
Cédric Villani
47%
Michelangelo
47%
Capitaine Rex
45%
Pau Gasol
43%
Damon Hill
40%
Aaron Rodgers
36%
Josh Hutcherson
33%
Shimon Peres
31%
Samuel Beckett
31%
Aucun quiz correspondant
Distribution des résultats
% des personnes avec chaque résultat
Percentile par nombre de réponses
Votre historique - résultats
Vous n’avez pas pris ce quiz